De nuestro estado actual y sus causas.

Furkejuvvon:
Bibliográfalaš dieđut
Váldodahkki: Varela, José P. (autor)
Materiálatiipa: Girji
Giella:espánnjágiella
Ráidu:(Bolsilibros arca ; no. 64)
Fáttát:
Fáddágilkorat: Lasit fáddágilkoriid
Eai fáddágilkorat, Lasit vuosttaš fáddágilkora!

MARC

LEADER 00000cam^a2200000uu^4500
001 000476058
005 20250521000000.0
008 050901s1969^^^^^^^^^^^^rd^r^^000^0^spa^d
009 20260310124817.595
035 |a FCE 000018927 
035 |a FCE 023805 
037 |a Acervo ITESO - Biblioteca 
041 |a spa 
082 0 4 |a 330.895  |b VARn 
100 |a Varela, José P.  |e (autor) 
245 1 3 |a De nuestro estado actual y sus causas. 
264 |a Uruguay :  |b Arca,  |c 1969. 
300 |a 163 p. 
336 |a texto  |b txt  |2 rdacontenido 
337 |a sin mediación  |b n  |2 rdamedio 
338 |a volumen  |b nc  |2 rdasoporte 
440 0 |a (Bolsilibros arca ;  |v no. 64) 
596 |a Actualidad del pensamiento de Varela 
649 |a XX 
650 |a Educación 
650 |a Aspecto social 
650 |a Aspecto político 
650 |a Crisis económica 
650 |a Uruguay 
910 |a Fondo Centro de Estudios Educativos 
920 |a Impresos - Libros 
930 |a Fondos Especiales 
905 |a 133 
901 |a ALE023805  |b IT2  |c CEE  |u 20250521 
902 |a https://opac.biblio.iteso.mx/vufind/Record/000476058